00828nas a2200265 4500001001300000003000900013005001700022007000300039008003400042040005400076041000900130072000800139100001500147100002100162100001500183100001700198100002000215100002000235100002000255245012900275650001200404650001700416650001800433773011100451BR2015001864BR-BrBNA20231205125154.0ta230509b bl.|||p| |||| 00| 00por d aBR-BrBNAbporcBiblioteca Nacional de Agricultura a(Pt) aL501 aYanaka, R.1 aCamargo, D.G. de1 aBovino, F.1 aSantos, W.A.1 aDócusse, M.R.1 aCavassano, B.S.1 aFeitosa, F.L.F.1 aPeríodo de absorção intestinal de macromoléculas em cabritos recém-nascidos após a ingestão de colostro bovino aCABRITO aBIOQUÍMICA aVETERINÁRIA0 tPesquisa Veterinária Brasileira (Brazil)xISSN 0100-736X g(Aug 2012), v. 32(8) p. 794-802wBR2015001864